000
00329 a2200157 4500
001
186868
020
_a
040
_c
Magnum
100
_a
Martins, Rosemar Almeida
240
1
0
_a
Um numero diferente
_l
por
245
1
0
_a
Um numero diferente
300
_a
16
362
0
_a
1997
697
_a
LITERATURA INFANTO
942
_c
BK
999
_c
186868
_d
186868